| 000 | 01509cam a22003857a 4500 | ||
|---|---|---|---|
| 003 | CHAP | ||
| 005 | 20220817040915.0 | ||
| 008 | 971013s1989 fr r 00010 spa d | ||
| 010 | _a2498 | ||
| 011 | _a3470 | ||
| 035 | _a2670 | ||
| 040 | _cCHAP | ||
| 082 | 1 | 0 |
_a639.2 _bF46 v.431 |
| 110 | 2 | _aFAO. Comisión de Pesca para el Atlántico Centro-Occidental | |
| 245 | 1 | 0 | _aInforme de la reunión del Grupo de Trabajo sobre Evaluación de los Recursos Pesqueros Marinos (6a.) |
| 260 |
_aRoma : _bFAO, _c1989 |
||
| 300 | _a125 p | ||
| 490 | 0 |
_aFAO. Informe de pesca _v; 431 |
|
| 500 | _a--supl.-- Roma : FAO, 1991. -- 243 p. : ilus. ; gráfs. | ||
| 500 | _aed. bilingue (inglés, español) | ||
| 590 |
_aBATCH-UPD _b10 _c20130110 _lUCH01 _h1043 |
||
| 590 |
_aBATCH-UPD _b10 _c20130410 _lUCH01 _h0642 |
||
| 590 |
_aBATCH-UPD _b10 _c20130914 _lUCH01 _h1347 |
||
| 590 |
_aCONVERSION _b10 _c20130109 _lUCH01 _h1303 |
||
| 650 | 1 | 4 |
_aPesca _zRegión Atlántico Occidental. _987427 |
| 650 | 1 | 4 | _aRecursos marinos. |
| 830 | 0 |
_aFAO. Informe de pesca _v; 431 _939587 |
|
| 901 | _aBK | ||
| 905 | _aPatricia Mendoza P. | ||
| 942 | _cLIBRO | ||
| 949 |
_a639.2 F46 v.431 supl. _bBC _cFAO _d33724000770707 _eFAO2 _fc.2 _gDonaciØn _h97475 _i2670 _mD _sb |
||
| 949 |
_a639.2 F46 v.431 supl. _bBC _cFAO _d33724000770715 _eFAO1 _gDonaciØn _h97474 _i2670 _sb |
||
| 949 |
_a639.2 F46 v.431 _bBC _cFAO _d33724000770681 _eFAO1 _gDonaciØn _h80840 _i2670 _sb |
||
| 949 |
_a639.2 F46 v.431 _bBC _cFAO _d33724000770699 _eFAO2 _fc.2 _gDonaciØn _h80841 _i2670 _sb |
||
| 999 |
_c2498 _d2498 |
||